000 00274pam a2200133 a 4500
020 _c
041 _h
082 _b0036
100 _aRam Dawson.
245 _aHow to Paint on Silk
_hTextual Documents
250 _a1996.
260 _apune:
_bSearch Press.
930 _a35
999 _c233825
_d233825